1930 FIFA World Cup Teams - Statistics

General Stats
  • This quiz has been taken 53 times
  • The average score is 11 of 13
Answer Stats
Grupa Państwo % Correct
Grupa 1 France
97%
Grupa 4 United States
97%
Grupa 3 Uruguay
97%
Grupa 1 Argentina
95%
Grupa 2 Brazil
95%
Grupa 1 Chile
87%
Grupa 1 Mexico
87%
Grupa 3 Peru
87%
Grupa 2 Bolivia
84%
Grupa 4 Paraguay
79%
Grupa 2 Yugoslavia
66%
Grupa 3 Romania
63%
Grupa 4 Belgium
58%
No matching quizzes found
Score Distribution
Percent of People with Each Score
Percentile by Number Answered
Your Score History
You have not taken this quiz